Loading...
| Science - Physics | 0 | 2 | 0 | 1 | 20 | 89 | 107.50 | 0 | 0 |
| Mythology | 0 | 2 | 1 | 1 | 15 | 119 | 128.50 | 0 | 0 |
| History - World History | 0 | 1 | 0 | 0 | 10 | 99 | 99.00 | 0 | 0 |
| Literature - World Literature | 0 | 1 | 0 | 0 | 10 | 48 | 48.00 | 0 | 1 |
| Other Academic | 0 | 1 | 0 | 0 | 10 | 136 | 136.00 | 0 | 0 |
| Pop Culture | 0 | 1 | 0 | 0 | 10 | 125 | 125.00 | 0 | 0 |
| Science - Other Science | 0 | 1 | 0 | 0 | 10 | 79 | 79.00 | 0 | 0 |
| Science - Chemistry | 0 | 1 | 1 | 1 | 5 | 109 | 109.00 | 0 | 0 |
| Social Science | 0 | 1 | 2 | 0 | 0 | 83 | 83.00 | 0 | 1 |
| Literature - British Literature | 0 | 0 | 0 | 0 | 0 | 0.00 | 0 | 0 | |
| Science - Biology | 0 | 1 | 2 | 0 | 0 | 83 | 83.00 | 0 | 1 |
| Fine Arts - Classical Music | 0 | 0 | 0 | 0 | 0 | 0.00 | 0 | 0 | |
| Literature - American Literature | 0 | 0 | 1 | 0 | -5 | 0.00 | 0 | 0 |